| Tag |
First Indicator |
Second Indicator |
Subfields |
| LEADER |
00000cam a2200000 a 4500 |
| 001 |
in00000034249 |
| 005 |
20151007055244.0 |
| 008 |
870512s1987 maua b 00000 eng |
| 010 |
|
|
|a 87014396
|
| 020 |
|
|
|a 0890062536 :
|c $60.00
|
| 035 |
|
|
|a (OCoLC)15792094
|
| 035 |
|
|
|9 AAB7709AM
|
| 040 |
|
|
|a DLC
|c DLC
|d TXA
|d UtOrBLW
|
| 049 |
|
|
|a TXAM
|c [A11088806]
|
| 050 |
0 |
0 |
|a Z103
|b .C76 1987
|
| 082 |
0 |
|
|a 652/.8
|2 19
|
| 245 |
0 |
0 |
|a Cryptology yesterday, today, and tomorrow /
|c Cipher A. Deavours [and others].
|
| 264 |
|
1 |
|a Norwood :
|b Artech House,
|c [1987]
|
| 264 |
|
4 |
|c ©1987
|
| 300 |
|
|
|a xi, 519 pages :
|b illustrations ;
|c 24 cm.
|
| 336 |
|
|
|a text
|b txt
|2 rdacontent
|
| 337 |
|
|
|a unmediated
|b n
|2 rdamedia
|
| 338 |
|
|
|a volume
|b nc
|2 rdacarrier
|
| 490 |
1 |
|
|a The Artech House communication and electronic defense library
|
| 504 |
|
|
|a Includes bibliographies.
|
| 650 |
|
0 |
|a Cryptography.
|
| 650 |
|
0 |
|a Ciphers.
|
| 700 |
1 |
|
|a Deavours, Cipher A.
|
| 830 |
|
0 |
|a Artech electronic defense library.
|
| 999 |
|
|
|a MARS
|
| 999 |
f |
f |
|s f910c5ec-f745-3d19-8e50-bdc4248e72b7
|i 2a350229-172b-3d77-a2df-7b62744f6e8b
|t 0
|
| 952 |
f |
f |
|p normal
|a Texas A&M University
|b College Station
|c Sterling C. Evans Library
|d Evans: Library Stacks
|t 0
|e Z103 .C76 1987
|h Library of Congress classification
|i unmediated -- volume
|m A14811088806
|
| 998 |
f |
f |
|a Z103 .C76 1987
|t 0
|l Evans: Library Stacks
|